| 000 | 00566nam a22001937a 4500 | ||
|---|---|---|---|
| 003 | KOHA_MİRAKIL | ||
| 005 | 20251119153156.0 | ||
| 008 | 251119b tu ||||| |||| 00| 0 tur d | ||
| 020 | _a9789750515460 | ||
| 040 |
_aTR-AnABB _btur _cTR-AnABB |
||
| 041 | _atur | ||
| 082 |
_a828.3354 _bFIT 2014 |
||
| 100 | 1 | _aFitzgerald, Francis Scott Key, | |
| 245 | 1 | 0 |
_aSevecendir Gece _cFrancis Scott Key Fitzgerald |
| 260 |
_aİstanbul : _bİletişim Yayınları, _c2014 |
||
| 300 |
_a430 sayfa ; _c20 cm |
||
| 650 | 0 | 4 | _aAmerikan edebiyatı, roman |
| 942 |
_2ddc _cBK |
||
| 999 |
_c9539 _d9539 |
||
| 900 | _bGizem YORULMAZ | ||